000 00627nam a2200205Ia 4500
005 20260429112013.0
008 260429s9999||||xx |||||||||||||| ||und||
020 _a9781032345055
041 _aEnglish
082 _a370.72
_bMER
100 _aMertler, Craig A.
245 0 _aDisseminating your action research :
_ba practical guide to sharing the results of practitioner research /
_cCraig A. Mertler
250 _a1st ed.
260 _aNew Delhi :
_bRoutledge,
_c2024.
300 _aviii, 176 p.; pbk
650 _a Academic publishing
650 _a Educational research
650 _aAction research
942 _cTB
999 _c51842
_d51842